Komplexný návrh a vývoj CPS systému III. generácie v rámci konceptu Priemysel 4.0

Enregistré dans:
Détails bibliographiques
Auteur principal: Melicher, Markus (Auteur)
Autres auteurs: Belavý, Cyril (Directeur de thèse)
Format: Manuscrit Livre
Langue:slovaque
Publié: 2021
Sujets:
Accès en ligne:http://is.stuba.sk/zp/portal_zp.pl?podrobnosti=146042
Tags: Ajouter un tag
Pas de tags, Soyez le premier à ajouter un tag!

MARC

LEADER 00000ntm a22000003a 4500
001 stuzp66249
003 SK-STU
005 20210904210508.4
007 ta
008 150427s2015----xo-----f-mn---000-0-slo-d
040 |a STU  |b slo 
041 0 |a slo 
100 1 |a Melicher, Markus  |u 020020  |k Z8  |4 aut  |U SjF Strojnícka fakulta  |T SjF Ústav automatizácie, merania a aplikovanej informatiky  |X 55105  |U J0020  |Y 802  |7 55105 
242 0 1 |a Complex design and development of a III. generation CPS system within the concept Industry 4.0  |y eng 
245 1 0 |a Komplexný návrh a vývoj CPS systému III. generácie v rámci konceptu Priemysel 4.0 
260 |c 2021 
650 4 |a CPS  |2 slo 
650 4 |a RFID  |2 slo 
650 4 |a kybernetická bezpečnosť  |2 slo 
650 4 |a Priemysel 4.0  |2 slo 
650 4 |a Big Data  |2 slo 
650 4 |a ethernet  |2 slo 
650 4 |a lokálne siete  |2 slo 
650 4 |a návrh  |2 slo 
650 4 |a implementácia  |2 slo 
650 4 |a CPS  |2 eng 
650 4 |a RFID  |2 eng 
650 4 |a cybersecurity  |2 eng 
650 4 |a Industry 4.0  |2 eng 
650 4 |a Big Data  |2 eng 
650 4 |a ethernet  |2 eng 
650 4 |a local networks  |2 eng 
650 4 |a design  |2 eng 
650 4 |a implementation  |2 eng 
700 1 |a Belavý, Cyril  |u 020020  |k Z1  |4 ths  |U SjF Strojnícka fakulta  |T SjF Ústav automatizácie, merania a aplikovanej informatiky  |X 2440  |U J0020  |Y 802  |7 A000002440 
856 4 |u http://is.stuba.sk/zp/portal_zp.pl?podrobnosti=146042 
996 |b 284J046673  |c J* 119074  |l JJST  |s P  |a 0  |w stuzp66249_0001